Counselling addicted families a sequential assessment and treatment model
Guardat en:
| Autor principal: | |
|---|---|
| Format: | Llibre |
| Idioma: | anglès |
| Publicat: |
Routledge
2020
|
| Etiquetes: |
Afegir etiqueta
Sense etiquetes, Sigues el primer a etiquetar aquest registre!
|
MARC
| LEADER | 00000nam a22000007a 4500 | ||
|---|---|---|---|
| 008 | 221222b |||||||| |||| 00| 0 eng d | ||
| 020 | |a 9781138779754 | ||
| 100 | |a JUHNKE, Gerald A. |a Hagedorn, W. Bryce | ||
| 245 | |a Counselling addicted families |b a sequential assessment and treatment model |c Gerald A Juhnke and W.Bryce Hagedom |g vii, 330p;ill | ||
| 260 | |b Routledge |c 2020 |h New York |i 699963 |i 699964 |l RC564.J93 |m Substance abuse -Treatment |m Family psychotherapy | ||
| 500 | |a it includes references and index | ||
| 942 | |a lcc |c BK |e Johnson |f 12/22 | ||
| 952 | |0 0 |1 0 |2 lcc |4 0 |6 RC0564 J93 |7 0 |9 4050 |a HOL |b HE |c QZ |d 2022-12-22 |l 0 |o RC564.J93 |p 2022-0009 |r 2022-12-22 00:00:00 |t 699963 |w 2022-12-22 |y BK | ||
| 952 | |0 0 |1 0 |2 lcc |4 0 |6 RC0564 J93 |7 0 |9 4051 |a HOL |b HE |c QZ |d 2022-12-22 |l 0 |o RC564.J93 |p 2022-0011 |r 2022-12-22 00:00:00 |t 699964 |w 2022-12-22 |y BK | ||
| 952 | |0 0 |1 0 |2 lcc |4 0 |6 RC0564 J93 |7 0 |9 4052 |a HOL |b HOL |c QZ |d 2022-12-22 |l 0 |o RC564.J93 |p 2022-0010 |r 2022-12-22 00:00:00 |t 699964 |w 2022-12-22 |y BK | ||
| 999 | |c 2034 |d 2034 | ||